000 00147 a2200073 4500
020 _a0799329312
082 _a0940056452
245 _aSomerus se hartseer
999 _c787520
_d787519
942 _w13411
_xBongani Makatu
_y13411
_zBongani Makatu